75 People who changed the world (Record no. 2999)

000 -LEADER
fixed length control field 00570nam a22001457a 4500
020 ## - INTERNATIONAL STANDARD BOOK NUMBER
International Standard Book Number 817992582X
082 ## - DEWEY DECIMAL CLASSIFICATION NUMBER
Classification number 200.922
100 ## - MAIN ENTRY--PERSONAL NAME
Personal name Ira Rifkin (editor)
245 ## - TITLE STATEMENT
Title 75 People who changed the world
260 ## - PUBLICATION, DISTRIBUTION, ETC.
Place of publication, distribution, etc. Ahmedabad
Name of publisher, distributor, etc. Jaico publishing house
Date of publication, distribution, etc. 2010
300 ## - PHYSICAL DESCRIPTION
Extent 277p
942 ## - ADDED ENTRY ELEMENTS (KOHA)
Koha item type Book
Holdings
Withdrawn status Lost status Damaged status Not for loan Collection code Permanent Location Current Location Shelving location Date acquired Total Checkouts Total Renewals Full call number Barcode Date last seen Date last checked out Price effective from Koha item type
          Central Library (CL) Central Library (CL) General Stacks 04/01/2016 3 1 200.922 RIF S3H-S-718 06/11/2022 08/13/2021 04/01/2016 Book
          Central Library (CL) Central Library (CL) General Stacks 04/01/2016 2   200.922 RIF S3H-S-719 10/28/2019 09/29/2019 04/01/2016 Book
© 2023 Central Library, National University of Sciences and Technology. All Rights Reserved.